<?xml version="1.0" encoding="UTF-8"?>
<record
    xmlns:xsi="http://www.w3.org/2001/XMLSchema-instance"
    xsi:schemaLocation="http://www.loc.gov/MARC21/slim http://www.loc.gov/standards/marcxml/schema/MARC21slim.xsd"
    xmlns="http://www.loc.gov/MARC21/slim">

  <leader>02507nam a2200313 i 4500</leader>
  <controlfield tag="001">000011490</controlfield>
  <controlfield tag="003">DO-SdBNP</controlfield>
  <controlfield tag="005">20250401144322.0</controlfield>
  <controlfield tag="007">ta</controlfield>
  <controlfield tag="008">091019s2003    dr            000 0 spa d</controlfield>
  <datafield tag="040" ind1=" " ind2=" ">
    <subfield code="a">DO-SdBNP</subfield>
    <subfield code="b">spa</subfield>
    <subfield code="c">BNPHU</subfield>
    <subfield code="e">rda</subfield>
  </datafield>
  <datafield tag="041" ind1=" " ind2=" ">
    <subfield code="a">spa</subfield>
  </datafield>
  <datafield tag="082" ind1=" " ind2="4">
    <subfield code="a">RD862.44</subfield>
    <subfield code="b">R426d</subfield>
    <subfield code="2">22</subfield>
  </datafield>
  <datafield tag="111" ind1="2" ind2=" ">
    <subfield code="a">Concurso Nacional de Dramaturgia Express</subfield>
    <subfield code="n">(1ro. :</subfield>
    <subfield code="d">2003 :</subfield>
    <subfield code="c">Santo Domingo, Rep&#xFA;blica Dominicana)</subfield>
    <subfield code="9">27196</subfield>
  </datafield>
  <datafield tag="245" ind1="1" ind2="0">
    <subfield code="a">XI marzo teatral 2003 /</subfield>
    <subfield code="c">pr&#xF3;logo, Henry Mercedes Vales.</subfield>
  </datafield>
  <datafield tag="246" ind1="1" ind2="4">
    <subfield code="a">Und&#xE9;cimo marzo teatral 2003</subfield>
  </datafield>
  <datafield tag="264" ind1=" " ind2=" ">
    <subfield code="a">Santo Domingo :</subfield>
    <subfield code="b">Secretar&#xED;a de Estado de Cultura,</subfield>
    <subfield code="c">2003.</subfield>
  </datafield>
  <datafield tag="300" ind1=" " ind2=" ">
    <subfield code="a">255 p&#xE1;ginas ;</subfield>
    <subfield code="c">19 cm.</subfield>
  </datafield>
  <datafield tag="336" ind1=" " ind2=" ">
    <subfield code="a">texto</subfield>
    <subfield code="b">txt</subfield>
    <subfield code="2">rdacontent </subfield>
  </datafield>
  <datafield tag="337" ind1=" " ind2=" ">
    <subfield code="a"> sin mediaci&#xF3;n </subfield>
    <subfield code="b">n</subfield>
    <subfield code="2">rdamedia </subfield>
  </datafield>
  <datafield tag="338" ind1=" " ind2=" ">
    <subfield code="a">volumen</subfield>
    <subfield code="b">nc</subfield>
    <subfield code="2">rdacarrier </subfield>
  </datafield>
  <datafield tag="505" ind1="2" ind2=" ">
    <subfield code="a">Presentaci&#xF3;n - Tony Raful</subfield>
    <subfield code="t">Reflexi&#xF3;n y joven dramaturgia /</subfield>
    <subfield code="r">Giovanny Cruz Dur&#xE1;n --</subfield>
    <subfield code="t">Marzo teatral, un evento con historia /</subfield>
    <subfield code="r">Rafael Villalona --</subfield>
    <subfield code="t">El teatro nuestro de cada d&#xED;a /</subfield>
    <subfield code="r">Karina Noble --</subfield>
    <subfield code="t">D&#xED;a internacional del teatro, proclama /</subfield>
    <subfield code="r">Carlos Esteban Deive --</subfield>
    <subfield code="t">PRIMER CONCURSO NACIONAL DE DRAMATURGIA EXPRESS 2003 --</subfield>
    <subfield code="t">Bases del concurso --</subfield>
    <subfield code="t">Veredicto del jurado --</subfield>
    <subfield code="t">Pr&#xF3;logo --</subfield>
    <subfield code="r">Henry Mercedes Vales --</subfield>
    <subfield code="t">Medea /</subfield>
    <subfield code="r">Di&#xF3;genes Lamarche, primer premio --</subfield>
    <subfield code="t">Variaciones para Medea /</subfield>
    <subfield code="r">Hamlet Bodden. Primera menci&#xF3;n accesist a premio</subfield>
    <subfield code="t">El placer de la noche /</subfield>
    <subfield code="r">Edith J. Parra Abreu. Segunda menci&#xF3;n accesist a premio --</subfield>
    <subfield code="t">Medea /</subfield>
    <subfield code="r">Jorge Mendoza. 3&#xAA; menci&#xF3;n --</subfield>
    <subfield code="t">Hecatombe de la patria /</subfield>
    <subfield code="r">Merylois Piantini. 4&#xAA; menci&#xF3;n --</subfield>
    <subfield code="t">Juicio a Medea /</subfield>
    <subfield code="r">Julio Joseph 5&#xAA; menci&#xF3;n --</subfield>
    <subfield code="t">Mariposa 13 /</subfield>
    <subfield code="r">Ana Mar&#xED;a Ventura. 6&#xAA; menci&#xF3;n --</subfield>
    <subfield code="t">La trampa /</subfield>
    <subfield code="r">Johanna Gonz&#xE1;lez, 7&#xAA; menci&#xF3;n --</subfield>
    <subfield code="t">A oscuras /</subfield>
    <subfield code="r">Canek Dennis Fern&#xE1;ndez, 8&#xAA; menci&#xF3;n --</subfield>
    <subfield code="t">Se&#xF1;ora tres cuartos /</subfield>
    <subfield code="r">Pavel Marcano, 9&#xBA; menci&#xF3;n --</subfield>
    <subfield code="t">HUELLAS DEL TEATRO DOMINICANO. XI marzo teatral. Encuentros te&#xF3;ricos /</subfield>
    <subfield code="t">Presentaci&#xF3;n de Claudio Rivera --</subfield>
    <subfield code="t">Geseti&#xF3;n teatral --</subfield>
    <subfield code="t">Formaci&#xF3;n teatral --</subfield>
    <subfield code="t">Creaci&#xF3;n teatral --</subfield>
    <subfield code="t">Patrocinio privado --</subfield>
    <subfield code="t">LOS CAMINOS DE LA CREACION TEATRAL EN REPUBLICA DOMINICANA. II muestra dominicana de teatro de CODARTE 2001 --</subfield>
    <subfield code="t">Presentaci&#xF3;n Fernando Castillo --</subfield>
    <subfield code="t">Pr&#xF3;logo Marylin Garbey</subfield>
    <subfield code="t">Formaci&#xF3;n teatral --</subfield>
    <subfield code="t">Puesta en escena --</subfield>
    <subfield code="t">Actuaci&#xF3;n --</subfield>
    <subfield code="t">Dramaturgia</subfield>
  </datafield>
  <datafield tag="590" ind1=" " ind2=" ">
    <subfield code="a">Inventariado, 2023 /LP</subfield>
  </datafield>
  <datafield tag="650" ind1=" " ind2="0">
    <subfield code="a">Teatro dominicano</subfield>
    <subfield code="9">637</subfield>
  </datafield>
  <datafield tag="650" ind1=" " ind2="0">
    <subfield code="a">Literatura dominicana.</subfield>
    <subfield code="9">67</subfield>
  </datafield>
  <datafield tag="700" ind1="1" ind2=" ">
    <subfield code="a">Mercedes Vales, Henry,</subfield>
    <subfield code="e">prologuista</subfield>
    <subfield code="4">pr.</subfield>
    <subfield code="9">27197</subfield>
  </datafield>
  <datafield tag="710" ind1="1" ind2=" ">
    <subfield code="a"> Rep&#xFA;blica Dominicana.</subfield>
    <subfield code="b"> Secretar&#xED;a de Estado de Cultura</subfield>
    <subfield code="9">6453</subfield>
  </datafield>
  <datafield tag="942" ind1=" " ind2=" ">
    <subfield code="2">ddc</subfield>
    <subfield code="c">LBS1</subfield>
  </datafield>
  <datafield tag="952" ind1=" " ind2=" ">
    <subfield code="0">0</subfield>
    <subfield code="1">0</subfield>
    <subfield code="2">ddc</subfield>
    <subfield code="5">6</subfield>
    <subfield code="7">0</subfield>
    <subfield code="8">DS</subfield>
    <subfield code="a">BNPHU</subfield>
    <subfield code="b">BNPHU</subfield>
    <subfield code="c">HD</subfield>
    <subfield code="d">2015-08-10</subfield>
    <subfield code="l">0</subfield>
    <subfield code="o">BNPHU DS RD862.44 R426d</subfield>
    <subfield code="p">11490-30</subfield>
    <subfield code="r">2020-06-25</subfield>
    <subfield code="t">e. 3</subfield>
    <subfield code="w">2020-06-25</subfield>
    <subfield code="y">LBS1</subfield>
    <subfield code="Z">Pr&#xE9;stamo en sala</subfield>
  </datafield>
  <datafield tag="952" ind1=" " ind2=" ">
    <subfield code="0">0</subfield>
    <subfield code="1">0</subfield>
    <subfield code="2">ddc</subfield>
    <subfield code="5">1</subfield>
    <subfield code="7">0</subfield>
    <subfield code="8">PD</subfield>
    <subfield code="a">BNPHU</subfield>
    <subfield code="b">BNPHU</subfield>
    <subfield code="c">HD</subfield>
    <subfield code="d">2009-10-19</subfield>
    <subfield code="l">0</subfield>
    <subfield code="o">BNPHU PD RD862.44 R426d</subfield>
    <subfield code="p">11490-10</subfield>
    <subfield code="r">2020-06-25</subfield>
    <subfield code="w">2020-06-25</subfield>
    <subfield code="y">LBS1</subfield>
    <subfield code="Z">No se presta</subfield>
  </datafield>
  <datafield tag="952" ind1=" " ind2=" ">
    <subfield code="0">0</subfield>
    <subfield code="1">0</subfield>
    <subfield code="2">ddc</subfield>
    <subfield code="5">1</subfield>
    <subfield code="7">0</subfield>
    <subfield code="8">PD</subfield>
    <subfield code="a">BNPHU</subfield>
    <subfield code="b">BNPHU</subfield>
    <subfield code="c">HD</subfield>
    <subfield code="d">2009-10-19</subfield>
    <subfield code="l">0</subfield>
    <subfield code="o">BNPHU PD RD862.44 R426d</subfield>
    <subfield code="p">11490-20</subfield>
    <subfield code="r">2020-06-25</subfield>
    <subfield code="t">e. 2</subfield>
    <subfield code="w">2020-06-25</subfield>
    <subfield code="y">LBS1</subfield>
    <subfield code="z">Perteneci&#xF3; qa la biblioteca personal de Chiqui Vicioso / Fidelio Despradel.</subfield>
    <subfield code="Z">No se presta</subfield>
  </datafield>
  <datafield tag="999" ind1=" " ind2=" ">
    <subfield code="c">11191</subfield>
    <subfield code="d">11191</subfield>
  </datafield>
</record>
